00619 2200229 4500001002100000005001500021035002000036007000300056008004100059020001800100082001100118084001700129100001700146245007800163250001100241260004500252300003200297650001800329700001800347990001200365990001200377INLIS00000000000175420180315031847 a0010-0318000097ta180315 g 0 ind  a9786020321752 a808.83 a808.83 BLY l0 aBLYTON, Enid1 aLima Sekawan: Sarjana Misterius /cEnid Blyton; alih bahasa, Agus Setiadi acet.20 aJakarta :bGramedia Pustaka Utama,c2016 a256 hlm. :bilus. ;c18 cm. aCERITA PENDEK0 aAGUS, Setiadi a16847 a a16847 b